Les noms de villes d'Europe en latin - Statistiques

Statistiques générales
  • Ce quiz a été pris 29 fois
  • Le résultat moyen est 9 sur 30
Statistiques - réponses
Question Réponse % Correct
Aquisgrana Aix-la-Chapelle
60%
Amstelodamum Amsterdam
60%
Asturica Augusta Astorga
60%
Lipsia Leipzig
60%
Castra Regina Ratisbonne
60%
Tornacum Tournai
60%
Vindobona Vienne
60%
Arenacum Arnhem
40%
Brunna Brno
40%
Contra Aquincum Budapest
40%
Auguste Urbs Gaditana Cadix
40%
Colonia Claudia Cologne
40%
Helsinkium Helsinki
40%
Mosae Traiectum Maastricht
40%
Moscua Moscou
40%
Varsavia Varsovie
40%
Carnotus Charleroi
20%
Matilo Leyde
20%
Ad Flexum Mosonmagyarovar
20%
Osloensis Oslo
20%
Rugensis Civitas Riga
20%
Juvavum Salzbourg
20%
Vratislavia Wroclaw
20%
Turicum Zurich
20%
Hafnia Copenhague
0%
Gothia Goteborg
0%
Chiova Kiev
0%
Ratae Coritanorum Leicester
0%
Civitas Victoriosa Rabat
0%
Revalia Tallinn
0%
Aucun quiz correspondant
Distribution des résultats
% des personnes avec chaque résultat
Percentile par nombre de réponses
Votre historique - résultats
Vous n’avez pas pris ce quiz